The Neurobiology of brain and behavioral development / (Record no. 171996)

MARC details
000 -LEADER
fixed length control field 00943nam a22002775i 4500
001 - CONTROL NUMBER
control field 19753679
003 - CONTROL NUMBER IDENTIFIER
control field OSt
005 - DATE AND TIME OF LATEST TRANSACTION
control field 20250612141827.0
008 - FIXED-LENGTH DATA ELEMENTS--GENERAL INFORMATION
fixed length control field 170620s2017 mau 000 0 eng
020 ## - INTERNATIONAL STANDARD BOOK NUMBER
International Standard Book Number 9780128040362 (hardcover)
Terms of availability USD 125.00
040 ## - CATALOGING SOURCE
Original cataloging agency DLC
Language of cataloging eng
Description conventions rda
Transcribing agency DLC
Modifying agency NUST
050 ## - LIBRARY OF CONGRESS CALL NUMBER
Classification number QP376 NEU
245 04 - TITLE STATEMENT
Title The Neurobiology of brain and behavioral development /
Statement of responsibility, etc. [edited by] Robbin Gibb, Bryan Kolb.
260 ## - PUBLICATION, DISTRIBUTION, ETC.
Place of publication, distribution, etc. London :
Name of publisher, distributor, etc. Academic Press,
Date of publication, distribution, etc. ©2018
300 ## - PHYSICAL DESCRIPTION
Extent xv,479 pages :
Other physical details illustrations ;
Dimensions 24 cm.
336 ## - CONTENT TYPE
Content type term text
Content type code txt
Source rdacontent
337 ## - MEDIA TYPE
Media type term unmediated
Media type code n
Source rdamedia
338 ## - CARRIER TYPE
Carrier type term volume
Carrier type code nc
Source rdacarrier
504 ## - BIBLIOGRAPHY, ETC. NOTE
Bibliography, etc. note Includes bibliographical references and index.
650 ## - SUBJECT ADDED ENTRY--TOPICAL TERM
General subdivision Neuroscience
650 ## - SUBJECT ADDED ENTRY--TOPICAL TERM
General subdivision Neurophysiology and neuropsychology
700 ## - ADDED ENTRY--PERSONAL NAME
Personal name Gibb, Robbin
Relator term Editor
700 ## - ADDED ENTRY--PERSONAL NAME
Personal name Kolb, Bryan
Relator term Editor
942 ## - ADDED ENTRY ELEMENTS (KOHA)
Source of classification or shelving scheme Library of Congress Classification
Koha item type Ordinary Loan Books
Classification part QP376 NEU
Call number prefix QP
Call number suffix NEU
Suppress in OPAC No
Holdings
Withdrawn status Lost status Source of classification or shelving scheme Damaged status Not for loan Collection Home library Current library Shelving location Date acquired Source of acquisition Cost, normal purchase price Total Checkouts Full call number Barcode Date last seen Accession number Cost, replacement price Price effective from Koha item type Public note
    LCC     NFIC MAIN MAIN GEN 06/12/2025 Book Aid International 125.00   QP376 NEU 92004054680 06/12/2025 61113 125.00 06/12/2025 BOOKS Donation